Prechod zo systému zákonných poistení na systém povinne zmluvných

Poistenie zodpovednosti za škodu sa rozdeľuje na dve formy poistenia: poistenie zmluvné a zákonné. Zákonné poistenie zodpovednosti za škodu spôsobenú prevádzkou motorového vozidla je založené zákonom č. 24/1991 Zb. o poisťovníctve. Tri základné direktívy Európskych spoločenstiev v odvetví poistenia...

Description complète

Enregistré dans:
Détails bibliographiques
Auteur principal: Janáčová, A.
Format: Chapitre de livre
Langue:slovaque
Sujets:
Tags: Ajouter un tag
Pas de tags, Soyez le premier à ajouter un tag!

MARC

LEADER 00000naa a2200000 4500
001 r021975
005 20221213100306.0
041 0 |a slo 
044 |a SK 
245 1 0 |a Prechod zo systému zákonných poistení na systém povinne zmluvných  |c A. Janáčová 
520 |a Poistenie zodpovednosti za škodu sa rozdeľuje na dve formy poistenia: poistenie zmluvné a zákonné. Zákonné poistenie zodpovednosti za škodu spôsobenú prevádzkou motorového vozidla je založené zákonom č. 24/1991 Zb. o poisťovníctve. Tri základné direktívy Európskych spoločenstiev v odvetví poistenia zodpovednosti za škodu spôsobenú prevádzkou motorových vozidiel. Návrh zákona o povinnom zmluvnom poistení - hlavné zásady. 
610 2 0 |a poistenie zodpovednosti za škody 
610 2 0 |a poistenie zmluvné 
610 2 0 |a poistenie zákonné 
610 2 0 |a Slovensko 
610 2 0 |a automobily 
610 2 0 |a Európske spoločenstvá 
610 2 0 |a smernice 
610 2 0 |a porovnanie medzinárodné 
100 1 |a Janáčová, A.